लेट गो तनाव : (Record no. 205775)

MARC details
000 -LEADER
fixed length control field 00876nam a22001577a 4500
005 - DATE AND TIME OF LATEST TRANSACTION
control field 20240911125249.0
010 ## - LCCN (DPL NO)
LC control number HIN-128398
020 ## - INTERNATIONAL STANDARD BOOK NUMBER
Terms of availability 180.00
International Standard Book Number 9789390607464
035 ## - SYSTEM CONTROL NUMBER
System control number HN-100744
100 ## - MAIN ENTRY--PERSONAL NAME
Personal name सरश्री तेजपारखी
245 ## - TITLE STATEMENT
Title लेट गो तनाव :
Remainder of title NoTime for Tension तनाव की नाव छोड़ें ,समझ की शिप जोडें /
Statement of responsibility, etc सरश्री तेजपारखी
260 ## - PUBLICATION, DISTRIBUTION, ETC. (IMPRINT)
Place of publication, distribution, etc पुणे
Name of publisher, distributor, etc वॉव पब्लिशिग्ज़ प्रा .लि .
Date of publication, distribution, etc 2022
270 ## - ADDRESS
Address 252-लक्ष्मी रोड ,नियर विजय सिनेमा ,नरायण पीठ
City पुणे
Postal code 411080
Telephone number 9011013210
300 ## - PHYSICAL DESCRIPTION
Extent 180 पृष्ठ
Dimensions 22 से मी (अजिल्द )
942 ## - ADDED ENTRY ELEMENTS (KOHA)
Source of classification or shelving scheme Dewey Decimal Classification
Item type Hindi Books
Edition 1
Classification part 158.1
Call number prefix सरश्री
Holdings
Withdrawn status Lost status Not for loan Collection code Home library Current library Date acquired Source of acquisition Cost, normal purchase price Full call number Barcode Copy number Cost, replacement price Koha item type
      Non-fiction Bawana Bawana 11/09/2024 DBAD 180.00 158.1 सरश्री HN-100744 1 180.00 Hindi Books

© Delhi Public Library
Hit Counter
free hit counter